书目信息 |
| 题名: |
建筑类专业英语
|
|
| 作者: | 向阳 主编 | |
| 分册: | 第二册 暖通与燃气 | |
| 出版信息: | 北京 中国建筑工业出版社 1997.05 |
|
| 页数: | 189页 | |
| 开本: | 16开 | |
| 丛书名: | ||
| 单 册: | ||
| 中图分类: | H319.4:TU8 , H319.4:TU | |
| 科图分类: | ||
| 主题词: | 英语 | |
| 电子资源: | ||
| ISBN: | 7-112-03036-6 | |
| 000 | 00618nam0 2200205 45 | |
| 001 | 0012031571 | |
| 005 | 20121018150540.78 | |
| 010 | @a7-112-03036-6@dCNY12.80 | |
| 100 | @a20001203d1997 km y0chiy0120 ea | |
| 101 | 0 | @achi |
| 200 | 1 | @a建筑类专业英语@Ajian zhu lei zhuan ye ying yu@h第二册@i暖通与燃气@f向阳主编@FXiang Yang Zhu Bian |
| 210 | @a北京@c中国建筑工业出版社@d1997.05 | |
| 215 | @a189页@d16开 | |
| 517 | 1 | @a暖通与燃气@Anuan tong yu ran qi |
| 606 | 0 | @a英语 |
| 690 | @aH319.4:TU8@v4 | |
| 690 | @aH319.4:TU@v3 | |
| 701 | 0 | @a向阳@4主编 |
| 801 | @aCN@c20110617 | |
| 905 | @b511484-493@dH319.4:TU8@eX281:2@f10 | |
| 建筑类专业英语.第二册.暖通与燃气/向阳主编.-北京:中国建筑工业出版社,1997.05 |
| 189页;16开 |
| ISBN 7-112-03036-6:CNY12.80 |
| ● |
| 相关链接 |
|
|
|
正题名:建筑类专业英语
索取号:H319.4:TU8/X281:2
 
预约/预借
| 序号 | 登录号 | 条形码 | 馆藏地/架位号 | 状态 | 备注 |
| 1 | 452893 | 204528939 | 语言库209/209语言库 27排1列4层/ [索取号:H319.4:TU8/X281:2] | 在馆 | |
| 2 | 452899 | 204528993 | 语言库209/209语言库 27排1列4层/ [索取号:H319.4:TU8/X281:2] | 在馆 | |
| 3 | 461048 | 204610484 | 社科二线400B/400B社科库 6排3列1层/ [索取号:H319.4:TU8/X281:2] | 在馆 | |
| 4 | 465565 | 204655658 | 语言库209/209语言库 27排1列4层/ [索取号:H319.4:TU8/X281:2] | 在馆 | |
| 5 | 469254 | 204692546 | 语言库209/209语言库 27排1列4层/ [索取号:H319.4:TU8/X281:2] | 在馆 | |
| 6 | 470311 | 204703115 | 语言库209/209语言库 27排1列4层/ [索取号:H319.4:TU8/X281:2] | 在馆 | |
| 7 | 486151 | 204861514 | 能源与建筑环境工程学院资料室/ [索取号:H319.4:TU8/X281:2] | 在馆 | |
| 8 | 489789 | 204897898 | 自科二线504/504自科库 23排2列1层/ [索取号:H319.4:TU8/X281:2] | 在馆 | |
| 9 | 489790 | 204897905 | 自科二线504/504自科库 23排2列1层/ [索取号:H319.4:TU8/X281:2] | 在馆 | |
| 10 | 489791 | 204897914 | 自科二线504/504自科库 23排2列1层/ [索取号:H319.4:TU8/X281:2] | 在馆 | |
| 11 | 489792 | 204897923 | 自科二线504/504自科库 23排2列1层/ [索取号:H319.4:TU8/X281:2] | 在馆 | |
| 12 | 489793 | 204897932 | 自科二线504/504自科库 23排2列1层/ [索取号:H319.4:TU8/X281:2] | 在馆 | |
| 13 | 511484 | 205114847 | 语言库209/400B社科库 7排2列1层/ [索取号:H319.4:TU8/X281:2] | 在馆 | |
| 14 | 511485 | 205114856 | 社科二线400B/400B社科库 6排2列1层/ [索取号:H319.4:TU8/X281:2] | 在馆 | |
| 15 | 511486 | 205114865 | 社科二线400B/400B社科库 6排2列1层/ [索取号:H319.4:TU8/X281:2] | 在馆 | |
| 16 | 511487 | 205114874 | 社科二线400B/400B社科库 6排2列1层/ [索取号:H319.4:TU8/X281:2] | 在馆 | |
| 17 | 511488 | 205114883 | 社科二线400B/400B社科库 6排2列1层/ [索取号:H319.4:TU8/X281:2] | 在馆 | |
| 18 | 511489 | 205114892 | 社科二线400B/400B社科库 6排2列1层/ [索取号:H319.4:TU8/X281:2] | 在馆 | |
| 19 | 511490 | 205114909 | 语言库209/209语言库 27排1列4层/ [索取号:H319.4:TU8/X281:2] | 在馆 | |
| 20 | 511491 | 205114918 | 社科二线400B/400B社科库 6排2列1层/ [索取号:H319.4:TU8/X281:2] | 在馆 | |
| 21 | 511492 | 205114927 | 社科二线400B/400B社科库 6排3列1层/ [索取号:H319.4:TU8/X281:2] | 在馆 | |
| 22 | 511493 | 205114936 | 语言库209/400B社科库 7排2列1层/ [索取号:H319.4:TU8/X281:2] | 在馆 |